Finančná štruktúra podnikov v Slovenskej republike

Gespeichert in:
Bibliographische Detailangaben
1. Verfasser: Polednáková, Anna, 1957-
Format: Buchkapitel
Sprache:Slowakisch
Tags: Tag hinzufügen
Keine Tags, Fügen Sie das erste Tag hinzu!

MARC

LEADER 00000naa$a2200000$$$4500
001 0091884
005 20240502072027.4
041 0 |a slo 
044 |a SK 
245 1 0 |a Finančná štruktúra podnikov v Slovenskej republike  |c Anna Polednáková 
100 1 |a Polednáková, Anna, 1957-